Statistics for The Twilight Zone - all episodes

Click here to take the quiz!

General Stats

  • This quiz has been taken 164 times
  • The average score is 84 of 156

Answer Stats

EPISODESNAME% Correct
S1E2One for the angels
85%
S1E22The Monsters Are Due on Maple Street
85%
S5E3Nightmare at 20,000 Feet
80%
S2E6The Eye of the Beholder
80%
S1E16The Hitch-Hiker
75%
S5E25The Masks
75%
S1E8Time Enough at Last
75%
S1E1Where is everybody ?
75%
S1E29Elegy
70%
S3E14Five Characters in Search of an Exit
70%
S1E15I Shot an Arrow Into the Air
70%
S3E8It's a Good Life
70%
S2E7Nick of Time
70%
S5E36The Bewitchin' Pool
70%
S3E33The Dummy
70%
S1E19The Purple Testament
70%
S3E3The Shelter
70%
S4E4He's Alive
65%
S3E21Kick the Can
65%
S5E6Living Doll
65%
S1E33Mr. Bevis
65%
S1E3Mr. Denton on Doomsday
65%
S2E19Mr. Dingle, the Strong
65%
S1E27The Big Tall Wish
65%
S5E35The Fear
65%
S1E14Third from the Sun
65%
S3E24To Serve Man
65%
S3E1Two
65%
S2E28Will the Real Martian Please Stand Up ?
65%
S3E5A Game of Pool
60%
S1E28A Nice Place to Visit
60%
S2E16A Penny for Your Thoughts
60%
S1E30A Stop at Willoughby
60%
S2E13Back There
60%
S2E12Dust
60%
S1E6Escape Clause
60%
S4E12I Dream of Genie
60%
S2E1King Nine Will Not Return
60%
S2E22Long Distance Call
60%
S4E8Miniature
60%
S4E5Mute
60%
S1E29Nightmare as a Child
60%
S3E16Nothing in the Dark
60%
S1E9Perchance to Dream
60%
S2E26Shadow Play
60%
S5E2Steel
60%
S1E34The After Hours
60%
S3E6The Mirror
60%
S2E29The Obsolete Man
60%
S2E18The Odyssey of Flight 33
60%
S1E4The Sixteen-Millimeter Shrine
60%
S2E17Twenty-Two
60%
S1E5Walking Distance
60%
S1E12What You Need
60%
S1E32A Passage for Trumpet
55%
S3E15A Quality of Mercy
55%
S1E36A World of His Own
55%
S5E34Come Wander with Me
55%
S3E18Dead Man's Shoes
55%
S3E9Deaths-Head Revisited
55%
S1E26Execution
55%
S5E26I Am the Night - Color Me Black
55%
S3E35I Sing the Body Electric
55%
S3E26Little Girl Lost
55%
S1E21Mirror Image
55%
S5E19Night Call
55%
S2E11Night of the Meek
55%
S4E16On Thursday We Leave for Home
55%
S4E9Printer's Devil
55%
S2E20Static
55%
S5E30Stopover in a Quiet Town
55%
S1E13The Four of Us Are Dying
55%
S3E32The Gift
55%
S3E7The Grave
55%
S2E5The Howling Man
55%
S3E12The Jungle
55%
S1E7The Lonely
55%
S3E10The Midnight Sun
55%
S4E13The New Exhibit
55%
S2E24The Rip Van Winkle Caper
55%
S2E25The Silence
55%
S4E3Valley of the Shadow
55%
S1E11And When the Sky Was Opened
50%
S5E22An Occurrence at Owl Creek Bridge
50%
S5E18Black Leather Jackets
50%
S5E28Caesar and Me
50%
S4E6Death Ship
50%
S3E29Four O'Clock
50%
S5E20From Agnes - With Love
50%
S4E1In His Image
50%
S4E7Jess-Belle
50%
S1E10Judgment Night
50%
S5E32Mr. Garrity and the Graves
50%
S2E3Nervous Man in a Four Dollar Room
50%
S5E23Queen of the Nile
50%
S5E27Sounds and Silences
50%
S4E18The Bard
50%
S5E33The Brain Center at Whipple's
50%
S3E37The Changing of the Guard
50%
S5E31The Encounter
50%
S3E25The Fugitive
50%
S5E29The Jeopardy Room
50%
S2E8The Lateness of the Hour
50%
S3E28The Little People
50%
S5E15The Long Morrow
50%
S1E35The Mighty Casey
50%
S5E7The Old Man in the Cave
50%
S4E11The Parallel
50%
S3E4The Passersby
50%
S4E2The Thirty-Fathom Grave
50%
S3E31The Trade-Ins
50%
S2E14The Whole Truth
50%
S5E24What's in the Box
50%
S2E23A Hundred Yards Over the Rim
45%
S2E10A Most Unusual Camera
45%
S3E22A Piano in the House
45%
S5E11A Short Drink from a Certain Fountain
45%
S2E4A Thing About Machines
45%
S3E30Hocus-Pocus and Frisby
45%
S5E1In Praise of Pip
45%
S1E24Long Live Walter Jameson
45%
S4E10No Time Like the Past
45%
S4E14Of Late I Think of Cliffordville
45%
S4E17Passage on the Lady Anne
45%
S1E25People Are Alike All Over
45%
S3E27Person or Persons Unknown
45%
S5E21Spur of the Moment
45%
S3E2The Arrival
45%
S1E17The Fever
45%
S3E19The Hunt
45%
S4E15The Incredible World of Horace Ford
45%
S2E15The Invaders
45%
S3E23The Last Rites of Jeff Myrtlebank
45%
S2E2The Man in the Bottle
45%
S5E8Uncle Simon
45%
S1E23A World of Difference
40%
S3E36Cavender Is Coming
40%
S5E12Ninety Years Without Slumbering
40%
S5E17Number Twelve Looks Just Like You
40%
S3E13Once Upon a Time
40%
S3E17One More Pallbearer
40%
S5E9Probe 7 - Over and Out
40%
S3E11Still Valley
40%
S1E31The Chaser
40%
S1E18The Last Flight
40%
S5E5The Last Night of a Jockey
40%
S2E27The Mind and the Matter
40%
S2E9The Trouble With Templeton
40%
S5E14You Drive
40%
S3E34Young Man's Fancy
40%
S5E13Ring-a-Ding Girl
35%
S5E10The 7th is Made Up of Phantoms
35%
S2E21The Prime Mover
35%
S5E16The Self-Improvement of Salvadore Ross
35%
S5E4A Kind of a Stopwatch
25%
S3E20Showdown With Rance McGrew
25%

Score Distribution

Percentile by Number Answered

Percent of People with Each Score

Your Score History

You have not taken this quiz